| 000 | 00559nam a2200193Ia 4500 | ||
|---|---|---|---|
| 008 | 230125s9999 xx 000 0 und d | ||
| 020 | _a1-84112-194-0 | ||
| 041 | _aeng | ||
| 082 |
_a658.838 _bBIR |
||
| 100 | _aForsyth P | ||
| 245 | _aMarket Research | ||
| 260 |
_c2002 _bCapstone publication _aLondon |
||
| 300 | _a118p | ||
| 440 |
_aEssential Management Thinking At Your Fingertips Series _9107434 |
||
| 500 | _aMarket research;Series Book;Marketing Series Book | ||
| 700 |
_aForsyth P & Birn R _9111341 |
||
| 906 | _b24 | ||
| 999 |
_c88255 _d88255 |
||